Научная сессия МИФИ - 2002. Т. 14, ([Доп.]): Конференция "Молодежь и наука" (Запись № 1716128)

Подробности
000 -МАРКЕР
контрольное поле 02251nam2a2200421 4500
001 - ИДЕНТИФИКАТОР ЗАПИСИ
контрольное поле RU\NLR\bibl\297740
005 - ИДЕНТИФИКАТОР ВЕРСИИ
контрольное поле 20260407074407.0
010 ## - МЕЖДУНАРОДНЫЙ СТАНДАРТНЫЙ НОМЕР КНИГИ (ISBN)
Номер (ISBN) 5-7262-0401-8
Тираж 100
021 ## - НОМЕР ГОСУДАРСТВЕННОЙ РЕГИСТРАЦИИ
Код страны Российская Федерация
Номер 2002-6926
Номер Листа государственной регистраци 337
035 ## - ДРУГИЕ СИСТЕМНЫЕ НОМЕРА
Идентификатор записи (NLR Aleph) 000293049
100 ## - ДАННЫЕ ОБЩЕЙ ОБРАБОТКИ
Данные общей обработки 20020815d2002 |||y0rusy50 ca
101 0# - ЯЗЫК РЕСУРСА
Язык текста, звукозаписи и т.д. русский
102 ## - СТРАНА ПУБЛИКАЦИИ ИЛИ ПРОИЗВОДСТВА
Страна публикации Российская Федерация
105 ## - ПОЛЕ КОДИРОВАННЫХ ДАННЫХ: ТЕКСТОВЫЕ МАТЕРИАЛЫ, МОНОГРАФИЧЕСКИЕ
Кодированные данные о монографическом текстовом документе y |||||||||
200 1# - ЗАГЛАВИЕ И СВЕДЕНИЯ ОБ ОТВЕТСТВЕННОСТИ
Основное заглавие Конференция "Молодежь и наука"
Сведения, относящиеся к заглавию Мат. моделирование в геофизике. Охрана окружающей среды и рацион. природопользование
210 ## - ПУБЛИКАЦИЯ, РАСПРОСТРАНЕНИЕ И ДР.
Дата издания, распространения и т.д. 2002
Место издания, распространения и т.д. Б. м.
215 ## - ФИЗИЧЕСКАЯ ХАРАКТЕРИСТИКА
Специфическое обозначение материала и объем 23 с.
300 ## - ОБЩИЕ ПРИМЕЧАНИЯ
Текст примечания На обл.: 60 лет МИФИ, 1942-2002
320 ## - ПРИМЕЧАНИЯ О НАЛИЧИИ В ДОКУМЕНТЕ БИБЛИОГРАФИИ / УКАЗАТЕЛЯ
Текст примечания Библиогр. в конце докл.
320 ## - ПРИМЕЧАНИЯ О НАЛИЧИИ В ДОКУМЕНТЕ БИБЛИОГРАФИИ / УКАЗАТЕЛЯ
Текст примечания Имен. указ. авт. ст.: с. 23
461 #0 - УРОВЕНЬ НАБОРА
Встроенное поле 001RU\NLR\bibl\281514
-- 2001#$aНаучная сессия МИФИ - 2002$vТ. 14, ([Доп.])
Системный номер (АБИС) связанной записи 1620425
Автор Московский государственный инженерно-физический институт. Научная сессия (2002)
Место публикации М.
Дата публикации 2002
Первые сведения об ответственности Моск. гос. инж.-физ. ин-т (техн. ун-т)
Имя издателя, распространителя и т.д. МИФИ
Сведения, относящиеся к заглавию Сб. науч. тр. : [В 14 т.]
Заглавие Научная сессия МИФИ - 2002
Номер тома Т. 14, ([Доп.])
606 0# - НАИМЕНОВАНИЕ ТЕМЫ КАК ПРЕДМЕТ
Наименование темы Математическое моделирование в геофизике
Системный номер авторитетной/нормативной записи 1035208
Идентификатор авторитетной/нормативной записи RU\NLR\auth\6679923
606 0# - НАИМЕНОВАНИЕ ТЕМЫ КАК ПРЕДМЕТ
Наименование темы Математическое моделирование
Тематический подзаголовок Применение в геофизике
Системный номер авторитетной/нормативной записи 2251603
Идентификатор авторитетной/нормативной записи RU\NLR\auth\661350521
610 0# - НЕКОНТРОЛИРУЕМЫЕ ПРЕДМЕТНЫЕ ТЕРМИНЫ
Предметный термин Геофизика - Математические методы
610 0# - НЕКОНТРОЛИРУЕМЫЕ ПРЕДМЕТНЫЕ ТЕРМИНЫ
Предметный термин Охрана окружающей среды
675 ## - УНИВЕРСАЛЬНАЯ ДЕСЯТИЧНАЯ КЛАССИФИКАЦИЯ (UDC/УДК)
Индекс 681.5(082)
Издание 3
Язык издания rus
686 ## - ИНДЕКСЫ ДРУГИХ КЛАССИФИКАЦИЙ
Индекс 50
Код системы
686 ## - ИНДЕКСЫ ДРУГИХ КЛАССИФИКАЦИЙ
Индекс 32.965
Код системы
686 ## - ИНДЕКСЫ ДРУГИХ КЛАССИФИКАЦИЙ
Индекс Д2в641.0я43
686 ## - ИНДЕКСЫ ДРУГИХ КЛАССИФИКАЦИЙ
Индекс Р456.14-5я43
711 12 - НАИМЕНОВАНИЕ ОРГАНИЗАЦИИ - АЛЬТЕРНАТИВНАЯ ОТВЕТСТВЕННОСТЬ
Начальный элемент ввода "Молодежь и наука", московская международная телекоммуникационная конф. студентов и молодых ученых
Порядковый номер временной организации и / или порядковый номер ее части 5
Дата проведения временной организации 2002
Идентификатор авторитетной/нормативной записи RU\NLR\AUTH\8810038434
Системный номер авторитетной/нормативной записи 575738
801 #0 - ИСТОЧНИК ЗАПИСИ
Страна Российская Федерация
Организация RKP
Дата составления 20020815
Правила каталогизации PSBO
801 #1 - ИСТОЧНИК ЗАПИСИ
Страна Российская Федерация
Организация RKP
Дата составления 20020815
801 #2 - ИСТОЧНИК ЗАПИСИ
Страна Российская Федерация
Организация NLR
Дата составления 20030129
Правила каталогизации rcr
942 ## - ДОПОЛНИТЕЛЬНЫЕ ЭЛЕМЕНТЫ ЗАПИСИ (АБИС)
Тип экземпляра АБИС Книга
980 ## - КОЛЛЕКЦИЯ
Название коллекции Национальная библиография
Экземпляры
Тип экземпляра Дата поступления Источник поступления Библиотека постоянного хранения Библиотека текущего хранения Место хранения Шифр хранения Штрих-код Статус экземпляра
Книга 20.08.2002 Обязательный экземпляр РНБ (Московский) РНБ (Московский) Русский книжный фонд: издания с 1957 года 2002-3/14819 316924